000 00944nam a2200265Ia 4500
003 OSt
005 20220923220332.0
006 a|||||r|||| 00| 0
007 ta
008 220922b |||||||| |||| 00| 0 hin d
024 _a186,023
037 _cTextual
040 _aARTS
_cARTS
_bhin
041 _2hin
_ahin
082 _aY38.2'N7, 152L7
100 _aदेसाई, ए0 आर0
_9162025
245 0 _aभारतीय राष्ट्रवाद की सामाजिक पृष्ठभूमि
246 _aBhāratīya rāṣhṭravād kī sāmājik pṛuṣhṭhabhūmi
250 _aसंस्क0 2
260 _aदिल्ली
_b दि मैकमिलन कम्पनी
_c1977
300 _a365 पृ.
_ccm.
650 _aभारतीय-लोक साहित्य
942 _hY38.2'N7, 152L7
_cTEXL
_2CC
999 _c339268
_d339268